| 000 | 01102nam a22003257a 4500 | ||
|---|---|---|---|
| 003 | CHAP | ||
| 005 | 20220329143305.0 | ||
| 008 | 080220d2002007 uk r 00110 eng d | ||
| 010 | _a94478 | ||
| 011 | _a95450 | ||
| 020 | _a9781844073092 | ||
| 035 | _a106076 | ||
| 040 | _cCHAP | ||
| 082 | 0 | 4 |
_a574.5 _bF37 |
| 100 | 1 |
_aFarmer, Andrew _939772 |
|
| 245 | 1 | 0 |
_aHandbook of environmental protection and enforcement : _bprinciples and practice _c/by Andrew Farme |
| 260 |
_aLondon : _bEarthscan, _c2007 |
||
| 300 |
_axv, 279 p. : _bcuadros |
||
| 590 |
_aBATCH-UPD _b10 _c20130110 _lUCH01 _h0412 |
||
| 590 |
_aBATCH-UPD _b10 _c20130410 _lUCH01 _h0047 |
||
| 590 |
_aBATCH-UPD _b10 _c20130914 _lUCH01 _h1353 |
||
| 590 |
_aCONVERSION _b10 _c20130109 _lUCH01 _h1352 |
||
| 650 | 1 | 4 |
_aIndustria _xMedidas de seguridad. _957749 |
| 650 | 1 | 4 |
_aMedio ambiente _xConservación. _974068 |
| 650 | 1 | 4 |
_aMedio ambiente _xContaminación. _974069 |
| 650 | 1 | 4 |
_aMedio ambiente _xProtección. _974106 |
| 901 | _aBK | ||
| 942 | _cLIBRO | ||
| 949 |
_a574.5 F37 _bBC _cLIBRO _d33724002049371 _eLIBRO _gI.235625 _h109081 _i106076 _sb _t$1040.25 |
||
| 999 |
_c94478 _d94478 |
||